00906nam a2200205 a 450000100100000000500170001000800410002704000250006808200160009310000430010924500830015224600530023526000680028830000280035650400320038465000330041695201140044995201200056399900170068300002474620200930023338.0110203s1992 pr a r 000 0 spa d aDO-SdBNPbspacBNPHU a972.95bQ7c1 aQuiñones Calderón, Antonio.91609510a50 décadas de historia puertorriqueña /cAntonio Quiñones Calderón.10.13aCincuenta décadas de historia puertorriqueña aSan Juan, Puento Rico :bGobierno Municipal de San Juan,c1992. a477 p. :bil. ;c18 cm. aBibliografía : 471-477 p. 4aPuerto ricoxHistoria942137 001050718MOaGRbGRcHDd2011-02-03iLF1l0o972.95 Q7cp24746-10r2020-06-25w2020-06-25y1ZNo se presta 001150718MOaGRbGRcMId2017-06-02iLF1l0o972.95 Q7cp24746-20r2020-06-25te. 2w2020-06-25y1ZNo se presta c24239d24239